Normal view
MARC view
- AUTOMOTIVE ELECTRONICS.ELECTRONIC ENGINE CONTROL.SENSORS AND ACTUATORS.DIGITAL ENGINE CONTROL SYSTEMS.VEHICLE MOTION CONTROL
Entry Topical Term
001 - CONTROL NUMBER
- control field: 67962
003 - CONTROL NUMBER IDENTIFIER
- control field: NUST
005 - DATE AND TIME OF LATEST TRANSACTION
- control field: 20210628203938.0
008 - FIXED-LENGTH DATA ELEMENTS
- fixed length control field: 210628|| aca||aabn | a|a d
040 ## - CATALOGING SOURCE
- Original cataloging agency: NUST
- Transcribing agency: NUST
150 ## - HEADING--TOPICAL TERM
- Topical term or geographic name entry element: AUTOMOTIVE ELECTRONICS.ELECTRONIC ENGINE CONTROL.SENSORS AND ACTUATORS.DIGITAL ENGINE CONTROL SYSTEMS.VEHICLE MOTION CONTROL
670 ## - SOURCE DATA FOUND
- Source citation: Work cat.: (NUST): Ribbens, William B 67961, Understanding automotive electronics, 2003
